00321nam a2200133Ia 4500008004100000041000800041082001700049100001300066245004200079260001500121300002200136365001600158700001300174230718s9999 xx 000 0 und d aeng a003.621bHOR aHorak R. aWebsters New World Telecom Dictionary bJohn Wiley dRef 341 G (30723) cRs.b449.00 aHorak R.